[Event "MCRE_KT35"]
[Site "?"]
[Date "2007.??.??"]
[Round "?"]
[White "Urban, Milos"]
[Black "Kelbl, Jiri"]
[Result "0-1"]
[WhiteElo "1734"]
[BlackElo "1656"]
[PlyCount "34"]
[EventDate "2007.??.??"]
[EventRounds "2"]
[SourceDate "2007.05.01"]

1. e4 e5 2. Nf3 Nc6 3. Bb5 a6 4. Bxc6 dxc6 5. O-O f6 6. d4 exd4 7. Nxd4 c5 8.
Ne2 Qxd1 9. Rxd1 Bd7 10. Nbc3 O-O-O 11. Bf4 Ne7 12. Bg3 Nc6 13. Nd5 Ne5 14. f4
Nc4 15. b3 Bg4 16. Ndc3 Rxd1+ 17. Rxd1 Na3 0-1

[Event "MCRE_KT35"]
[Site "?"]
[Date "2007.??.??"]
[Round "?"]
[White "Berko, Michal"]
[Black "Kyhos, Alois"]
[Result "1-0"]
[WhiteElo "2045"]
[BlackElo "1951"]
[PlyCount "60"]
[EventDate "2007.??.??"]
[EventRounds "2"]
[SourceDate "2007.05.01"]

1. d4 Nf6 2. c4 e6 3. Bg5 c5 4. Nc3 cxd4 5. Qxd4 Be7 6. Nf3 Nc6 7. Qd2 h6 8.
Bxf6 Bxf6 9. e3 O-O 10. Be2 d6 11. Rd1 Qb6 12. O-O Rd8 13. Rb1 Ne5 14. Nd4 Bd7
15. Rbd1 Rac8 16. b3 d5 17. cxd5 Ng6 18. Bc4 Ne5 19. dxe6 fxe6 20. Ne4 Nxc4 21.
Nxf6+ gxf6 22. bxc4 Kg7 23. Qc2 e5 24. Nf5+ Bxf5 25. Qxf5 Rxc4 26. Rd7+ Rxd7
27. Qxd7+ Kf8 28. Qh7 Qc6 29. h4 b5 30. Qxa7 Rxh4 1-0

[Event "MCRE_KT35"]
[Site "?"]
[Date "2007.??.??"]
[Round "?"]
[White "Berko, Michal"]
[Black "Kelbl, Jiri"]
[Result "1-0"]
[WhiteElo "2045"]
[BlackElo "1656"]
[PlyCount "69"]
[EventDate "2007.??.??"]
[EventRounds "2"]
[SourceDate "2007.05.01"]

1. e4 e5 2. Nf3 Nc6 3. Bc4 Nf6 4. Ng5 d5 5. exd5 b5 6. Bf1 Nd4 7. c3 Nxd5 8.
cxd4 Qxg5 9. Bxb5+ Kd8 10. O-O Bb7 11. Qf3 Rb8 12. dxe5 Ne3 13. Qh3 Qxg2+ 14.
Qxg2 Nxg2 15. d4 Nh4 16. Bg5+ Be7 17. Bxh4 Bxh4 18. Nc3 Bf3 19. Rab1 Rb6 20.
Bd3 Rg6+ 21. Bxg6 hxg6 22. Rfd1 Bxd1 23. Rxd1 Bg5 24. Kg2 Bf4 25. h3 Kd7 26.
Ne2 Rh4 27. b4 a6 28. Rd3 f6 29. Ra3 fxe5 30. Nxf4 Rxf4 31. dxe5 Rxb4 32. Rxa6
Rb6 33. Rxb6 cxb6 34. Kf3 Ke6 35. Kf4 1-0

[Event "MCRE_KT35"]
[Site "?"]
[Date "2007.??.??"]
[Round "?"]
[White "Kyhos, Alois"]
[Black "Urban, Milos"]
[Result "1-0"]
[WhiteElo "1951"]
[BlackElo "1734"]
[PlyCount "35"]
[EventDate "2007.??.??"]
[EventRounds "2"]
[SourceDate "2007.05.01"]

1. e4 e5 2. Nf3 Nf6 3. d4 Nxe4 4. Bd3 d5 5. Nxe5 Nd7 6. Nxd7 Bxd7 7. O-O Bd6 8.
c4 c6 9. cxd5 cxd5 10. Qh5 Nf6 11. Re1+ Be6 12. Rxe6+ Be7 13. Rxf6 Bxf6 14. Nc3
Bxd4 15. Bg5 Qb6 16. Re1+ Kf8 17. Re7 Bxf2+ 18. Kh1 1-0

[Event "MCRE_KT35"]
[Site "?"]
[Date "2007.??.??"]
[Round "?"]
[White "Kelbl, Jiri"]
[Black "Kyhos, Alois"]
[Result "1/2-1/2"]
[WhiteElo "1656"]
[BlackElo "1951"]
[PlyCount "96"]
[EventDate "2007.??.??"]
[EventRounds "2"]
[SourceDate "2007.05.01"]

1. e4 e5 2. Nf3 Nc6 3. Bb5 a6 4. Ba4 Nf6 5. O-O Nxe4 6. d4 b5 7. Bb3 d5 8. dxe5
Be6 9. Qe2 Be7 10. Rd1 O-O 11. c4 bxc4 12. Bxc4 Bc5 13. Be3 Bxe3 14. Qxe3 Qb8
15. Bb3 Na5 16. Nbd2 Qa7 17. Nxe4 Qxe3 18. fxe3 Nxb3 19. axb3 dxe4 20. Nd4 c5
21. Nxe6 fxe6 22. Rd6 Rfb8 23. Ra3 Kf7 24. Rc6 Rb5 25. Rc7+ Kg6 26. Re7 Rb6 27.
Rc7 Rd8 28. Rxc5 Rd3 29. Rca5 Rc6 30. Ra1 Rc2 31. Rxa6 Rdd2 32. Kh1 Rxg2 33.
Rg1 Rxg1+ 34. Kxg1 Kf5 35. Ra7 g6 36. Rxh7 Re2 37. Rh3 Rxb2 38. Rh6 Rxb3 39.
Kf2 Rb2+ 40. Kf1 Rb5 41. Kf2 Rd5 42. h4 Rd2+ 43. Kf1 Rh2 44. Ke1 Kxe5 45. Rxg6
Rxh4 46. Rg2 Rh1+ 47. Ke2 Rh8 48. Ke1 Rh3 1/2-1/2

[Event "MCRE_KT35"]
[Site "?"]
[Date "2007.??.??"]
[Round "?"]
[White "Kelbl, Jiri"]
[Black "Urban, Milos"]
[Result "1-0"]
[WhiteElo "1656"]
[BlackElo "1734"]
[PlyCount "33"]
[EventDate "2007.??.??"]
[EventRounds "2"]
[SourceDate "2007.05.01"]

1. e4 e5 2. Nf3 Nf6 3. Nxe5 d6 4. Nf3 Nxe4 5. d4 d5 6. Bd3 Nc6 7. O-O Be7 8. c4
Bg4 9. cxd5 Qxd5 10. Nc3 Nxc3 11. bxc3 O-O 12. Re1 Bxf3 13. Qxf3 Qxf3 14. gxf3
Bf6 15. Rb1 Rab8 16. Bf4 Bd8 17. Be4 1-0

[Event "MCRE_KT35"]
[Site "?"]
[Date "2007.??.??"]
[Round "?"]
[White "Kyhos, Alois"]
[Black "Berko, Michal"]
[Result "1-0"]
[WhiteElo "1951"]
[BlackElo "2045"]
[PlyCount "59"]
[EventDate "2007.??.??"]
[EventRounds "2"]
[SourceDate "2007.05.01"]

1. e4 c5 2. c3 Nf6 3. e5 Nd5 4. d4 cxd4 5. Nf3 Nc6 6. Bc4 Nb6 7. Bb3 d5 8. exd6
Qxd6 9. O-O Bf5 10. Nxd4 Nxd4 11. cxd4 e6 12. Nc3 Be7 13. Qf3 O-O 14. d5 Qd7
15. dxe6 Bxe6 16. Rd1 Qc6 17. Qxc6 bxc6 18. Bxe6 fxe6 19. Ne4 Rf5 20. b3 Nd5
21. Bb2 Nf6 22. Bxf6 gxf6 23. Rd7 Kf8 24. Rc7 Rd8 25. Re1 Bb4 26. Rc1 Ba3 27.
Rb1 Be7 28. Rxa7 Rfd5 29. Ng3 Rd2 30. Rc1 1-0

[Event "MCRE_KT35"]
[Site "?"]
[Date "2007.??.??"]
[Round "?"]
[White "Smerda, Roman"]
[Black "Kyhos, Alois"]
[Result "1/2-1/2"]
[WhiteElo "1600"]
[BlackElo "1951"]
[PlyCount "105"]
[EventDate "2007.??.??"]
[EventRounds "2"]
[SourceDate "2007.05.01"]

1. c4 e5 2. Nf3 e4 3. Nd4 Nc6 4. e3 Nf6 5. d3 Bb4+ 6. Nc3 O-O 7. Be2 Bxc3+ 8.
bxc3 Re8 9. O-O Ne5 10. dxe4 Nxe4 11. Qc2 Ng6 12. f4 d6 13. f5 Nf8 14. Rf4 Nf6
15. a4 N8d7 16. a5 a6 17. Bf3 Ne5 18. Be2 Bd7 19. e4 Qe7 20. Bd2 Rad8 21. Rh4
Bc8 22. Re1 Nfd7 23. Rh3 Nc5 24. Rg3 Kh8 25. Be3 Bd7 26. Rf1 f6 27. Bc1 Rg8 28.
Re3 g5 29. Ba3 g4 30. Ra1 Qg7 31. Rb1 Qg5 32. Bc1 Qh5 33. Ba3 Rb8 34. Rf1 Qg5
35. Rg3 h5 36. Bc1 Qg7 37. h3 h4 38. Rxg4 Nxg4 39. Bxg4 Rbe8 40. Rf4 Re5 41.
Be3 Qh6 42. Qd1 Re7 43. Qd2 Bc8 44. Be2 Qh7 45. Bf3 Qh6 46. Ne2 Nb3 47. Qd1
Nxa5 48. Bf2 Rh7 49. Rxh4 Qf8 50. Bh5 Nxc4 51. Bg6 Rxh4 52. Bxh4 Rg7 53. Nf4
1/2-1/2

[Event "MCRE_KT35"]
[Site "?"]
[Date "2007.??.??"]
[Round "?"]
[White "Kelbl, Jiri"]
[Black "Berko, Michal"]
[Result "1/2-1/2"]
[WhiteElo "1656"]
[BlackElo "2045"]
[PlyCount "86"]
[EventDate "2007.??.??"]
[EventRounds "2"]
[SourceDate "2007.05.01"]

1. e4 e5 2. Nf3 Nf6 3. Nc3 Bb4 4. Nxe5 d6 5. Nd3 Bxc3 6. dxc3 Nxe4 7. Be2 O-O
8. O-O Nc6 9. Nf4 Re8 10. c4 Bf5 11. Nd5 Ne5 12. Bf4 Ng6 13. Bd2 c6 14. Ne3 Nf4
15. Bf3 Bg6 16. Bc1 Qf6 17. g3 Ne6 18. Bg2 Nc7 19. Bh3 Qe7 20. f4 f6 21. f5 Bf7
22. Bg2 d5 23. cxd5 Rad8 24. Qd4 Nxd5 25. Nxd5 Bxd5 26. Qxa7 Qe5 27. Qe3 Qc7
28. g4 Nd6 29. Qf2 Ne4 30. Bxe4 Rxe4 31. Bf4 Qe7 32. Rae1 Re8 33. Bg3 Qb4 34.
b3 b5 35. h3 Qa5 36. Rxe4 Rxe4 37. Ra1 Qc3 38. Re1 g6 39. Rxe4 Bxe4 40. fxg6
hxg6 41. Qf4 Qxc2 42. Qb8+ Kf7 43. Qc7+ Ke8 1/2-1/2

[Event "MCRE_KT35"]
[Site "?"]
[Date "2007.??.??"]
[Round "?"]
[White "Urban, Milos"]
[Black "Kyhos, Alois"]
[Result "0-1"]
[WhiteElo "1734"]
[BlackElo "1951"]
[PlyCount "34"]
[EventDate "2007.??.??"]
[EventRounds "2"]
[SourceDate "2007.05.01"]

1. e4 e5 2. Nf3 Nc6 3. Bb5 a6 4. Bxc6 dxc6 5. O-O f6 6. d4 exd4 7. Nxd4 c5 8.
Ne2 Qxd1 9. Rxd1 Bd7 10. Nbc3 O-O-O 11. Bf4 Ne7 12. Bg3 Nc6 13. Nd5 Ne5 14. f4
Nf7 15. c4 Bg4 16. Ndc3 Re8 17. h3 Bxe2 0-1

[Event "MCRE_KT35"]
[Site "?"]
[Date "2007.??.??"]
[Round "?"]
[White "Kyhos, Alois"]
[Black "Kelbl, Jiri"]
[Result "1-0"]
[WhiteElo "1951"]
[BlackElo "1656"]
[PlyCount "89"]
[EventDate "2007.??.??"]
[EventRounds "2"]
[SourceDate "2007.05.01"]

1. e4 e5 2. Nf3 Nc6 3. Bb5 a6 4. Ba4 Nf6 5. O-O Be7 6. Re1 b5 7. Bb3 d6 8. c3
O-O 9. h3 Bb7 10. d4 Re8 11. Nbd2 Bf8 12. a4 h6 13. Bc2 exd4 14. cxd4 Nb4 15.
Bb1 c5 16. d5 Nd7 17. Ra3 f5 18. Nh2 Nf6 19. Rf3 Re5 20. Rxf5 Rxf5 21. exf5
Bxd5 22. Ng4 Nxg4 23. hxg4 bxa4 24. Qxa4 a5 25. Nf3 Be7 26. Be4 Bxe4 27. Rxe4
Bf6 28. Re6 d5 29. Be3 d4 30. Bf4 d3 31. b3 Kh7 32. Qb5 Qd5 33. Rd6 Qe4 34. Bd2
Kh8 35. Qb6 Qxg4 36. Rxf6 gxf6 37. Qxf6+ Qg7 38. Qe6 a4 39. f6 Qg6 40. Ne5 Qe8
41. Qg4 Qg8 42. Qh5 a3 43. Bxh6 Qh7 44. Bg7+ Kg8 45. Qf7# 1-0

[Event "MCRE_KT35"]
[Site "?"]
[Date "2007.??.??"]
[Round "?"]
[White "Berko, Michal"]
[Black "Smerda, Roman"]
[Result "0-1"]
[WhiteElo "2045"]
[BlackElo "1600"]
[PlyCount "62"]
[EventDate "2007.??.??"]
[EventRounds "2"]
[SourceDate "2007.05.01"]

1. Nf3 d5 2. g3 c6 3. Bg2 Nf6 4. O-O Bg4 5. c4 e6 6. d4 Nbd7 7. Nbd2 Be7 8. h3
Bh5 9. Re1 O-O 10. g4 Bg6 11. Nh4 Nb6 12. c5 Nbd7 13. Nxg6 hxg6 14. Qc2 b6 15.
cxb6 Qxb6 16. g5 Ne8 17. Nf3 Nd6 18. Bf4 Rfc8 19. Ne5 Nxe5 20. dxe5 Nc4 21. b3
Na3 22. Qd3 a5 23. Red1 a4 24. Rdc1 c5 25. Rd1 Rcb8 26. Be3 axb3 27. axb3 Qxb3
28. Qxb3 Rxb3 29. Bc1 Rb1 30. Rxb1 Nxb1 31. Bb2 Rb8 0-1

[Event "MCRE_KT35"]
[Site "?"]
[Date "2007.??.??"]
[Round "?"]
[White "Kelbl, Jiri"]
[Black "Smerda, Roman"]
[Result "0-1"]
[WhiteElo "1656"]
[BlackElo "1600"]
[PlyCount "90"]
[EventDate "2007.??.??"]
[EventRounds "2"]
[SourceDate "2007.05.01"]

1. e4 c5 2. c3 Nf6 3. e5 Nd5 4. d4 cxd4 5. Nf3 Nc6 6. Bc4 Nb6 7. Bb3 d5 8. exd6
Qxd6 9. O-O Be6 10. Bxe6 Qxe6 11. Nxd4 Nxd4 12. Qxd4 Rd8 13. Qh4 Qe2 14. Nd2 e5
15. Qg3 f6 16. Qf3 Qxf3 17. Nxf3 Na4 18. Be3 b6 19. Rab1 Rd3 20. Rfe1 Kf7 21.
Bd2 g5 22. h3 Be7 23. Rxe5 fxe5 24. Nxe5+ Kg7 25. Nxd3 Rd8 26. Re1 Bf8 27. Re3
Nxb2 28. Nxb2 Rxd2 29. Nd3 Rxa2 30. Kf1 a5 31. Rg3 Be7 32. Ne5 a4 33. Rf3 Kg8
34. Rf7 Bd6 35. Rf5 a3 36. Rxg5+ Kf8 37. Nd7+ Ke7 38. Nxb6 Rc2 39. Ra5 a2 40.
g4 Rc1+ 41. Ke2 a1=Q 42. Rxa1 Rxa1 43. Nd5+ Ke6 44. c4 Ke5 45. Ne3 Bc5 0-1

[Event "MCRE_KT35"]
[Site "?"]
[Date "2007.??.??"]
[Round "?"]
[White "Kyhos, Alois"]
[Black "Smerda, Roman"]
[Result "0-1"]
[WhiteElo "1951"]
[BlackElo "1600"]
[PlyCount "96"]
[EventDate "2007.??.??"]
[EventRounds "2"]
[SourceDate "2007.05.01"]

1. e4 c5 2. c3 Nf6 3. e5 Nd5 4. d4 cxd4 5. Nf3 Nc6 6. Bc4 Nb6 7. Bb3 d5 8. exd6
Qxd6 9. O-O Be6 10. Bxe6 Qxe6 11. Nxd4 Nxd4 12. Qxd4 Rd8 13. Qh4 Qe2 14. Nd2 e5
15. Qg3 f6 16. Qf3 Qxf3 17. Nxf3 Na4 18. c4 Bc5 19. b3 Nc3 20. Re1 Nd1 21. Kf1
Kf7 22. a3 Nxf2 23. b4 Bb6 24. c5 Nd3 25. cxb6 Nxe1 26. Kxe1 axb6 27. a4 Rd3
28. Ke2 Rb3 29. Bd2 Rb2 30. Rc1 Rd8 31. Rc7+ Ke6 32. Ke3 Rd7 33. Rxd7 Kxd7 34.
a5 bxa5 35. bxa5 Ra2 36. h4 Ke6 37. Ke2 g6 38. Kd3 Ra4 39. Ke3 Rg4 40. Kf2 e4
41. Nd4+ Kd5 42. Ne2 Rxh4 43. Nf4+ Kc4 44. Ne6 f5 45. Nd8 f4 46. Be1 Kd5 47.
Nxb7 g5 48. Nd8 Rh1 0-1

[Event "MCRE_KT35"]
[Site "?"]
[Date "2007.??.??"]
[Round "?"]
[White "Smerda, Roman"]
[Black "Kelbl, Jiri"]
[Result "1-0"]
[WhiteElo "1600"]
[BlackElo "1656"]
[PlyCount "87"]
[EventDate "2007.??.??"]
[EventRounds "2"]
[SourceDate "2007.05.01"]

1. c4 Nf6 2. d4 g6 3. Nc3 d5 4. cxd5 Nxd5 5. e4 Nxc3 6. bxc3 Bg7 7. Nf3 c5 8.
Rb1 O-O 9. Be2 cxd4 10. cxd4 Qa5+ 11. Bd2 Qxa2 12. O-O Bg4 13. Bg5 h6 14. Be3
Nc6 15. d5 Ne5 16. Rxb7 e6 17. d6 Rfd8 18. Re1 Bxf3 19. gxf3 Qa5 20. Bd2 Qa2
21. Bc1 Qa5 22. Rf1 Bf8 23. Rb5 Qa2 24. Rb2 Qa5 25. f4 Rxd6 26. Bd2 Rxd2 27.
Qxd2 Qxd2 28. Rxd2 Nc6 29. Rc1 Ne7 30. Rd7 a5 31. Rcc7 Re8 32. Bd1 f5 33. Bb3
fxe4 34. Bxe6+ Kg7 35. Kg2 Kf6 36. Rd6 Kg7 37. Ra6 Rd8 38. Rxa5 Rd3 39. Re5 Rd6
40. Bb3 Kf6 41. Rb7 Ra6 42. Rxe4 Rd6 43. Ra4 Rd3 44. Ra6+ 1-0

[Event "MCRE_KT35"]
[Site "?"]
[Date "2007.??.??"]
[Round "?"]
[White "Smerda, Roman"]
[Black "Urban, Milos"]
[Result "1-0"]
[WhiteElo "1600"]
[BlackElo "1735"]
[PlyCount "39"]
[EventDate "2007.??.??"]
[EventRounds "2"]
[SourceDate "2007.05.01"]

1. c4 Nf6 2. Nc3 e6 3. Nf3 Bb4 4. Qc2 O-O 5. a3 Bxc3 6. Qxc3 d6 7. g3 e5 8. Bg2
Re8 9. O-O Nc6 10. b4 Bg4 11. Re1 a6 12. h3 Bxf3 13. exf3 d5 14. d3 d4 15. Qb3
h6 16. Ra2 Qd7 17. Rae2 b5 18. f4 exf4 19. Bxf4 Rxe2 20. Rxe2 1-0

[Event "MCRE_KT35"]
[Site "?"]
[Date "2007.??.??"]
[Round "?"]
[White "Urban, Milos"]
[Black "Smerda, Roman"]
[Result "0-1"]
[WhiteElo "1735"]
[BlackElo "1600"]
[PlyCount "40"]
[EventDate "2007.??.??"]
[EventRounds "2"]
[SourceDate "2007.05.01"]

1. e4 c5 2. Nf3 d6 3. d4 cxd4 4. Nxd4 Nf6 5. Nc3 a6 6. Bg5 e6 7. f4 Qb6 8. Qd2
Qxb2 9. Rb1 Qa3 10. e5 dxe5 11. fxe5 Nfd7 12. Bc4 Bb4 13. Nxe6 fxe6 14. Rxb4
Qxb4 15. Bxe6 h6 16. Bf7+ Kxf7 17. e6+ Kg8 18. e7 Kh7 19. Qd3+ g6 20. O-O hxg5
0-1

[Event "MCRE_KT35"]
[Site "?"]
[Date "2007.??.??"]
[Round "?"]
[White "Smerda, Roman"]
[Black "Berko, Michal"]
[Result "1-0"]
[WhiteElo "1600"]
[BlackElo "2045"]
[PlyCount "67"]
[EventDate "2007.??.??"]
[EventRounds "2"]
[SourceDate "2007.05.01"]

1. c4 Nf6 2. Nc3 e6 3. e4 c5 4. e5 Ng8 5. Nf3 Nc6 6. d4 cxd4 7. Nxd4 Nxe5 8.
Ndb5 a6 9. Nd6+ Bxd6 10. Qxd6 f6 11. Be3 Ne7 12. Bb6 Nf5 13. Qc5 d6 14. Qa5 Qd7
15. f4 Nc6 16. Qa3 Nce7 17. O-O-O O-O 18. Qb3 Qc6 19. Rg1 Bd7 20. g4 Nh4 21.
Qb4 Nc8 22. Bf2 Nf3 23. Rg3 Nh4 24. c5 d5 25. f5 b6 26. fxe6 a5 27. Qb3 Bxe6
28. Bb5 Qb7 29. Re3 Qf7 30. Bc6 a4 31. Nxa4 Rxa4 32. Qxa4 d4 33. Rxd4 bxc5 34.
Rd2 1-0